Normal view
MARC view
- Rangwala, S C .
Entry Personal Name
001 - CONTROL NUMBER
- control field: 3263
003 - CONTROL NUMBER IDENTIFIER
- control field: OSt
005 - DATE AND TIME OF LATEST TRANSACTION
- control field: 20180814105729.0
008 - FIXED-LENGTH DATA ELEMENTS
- fixed length control field: 180814|| aca||aabn | a|a d
040 ## - CATALOGING SOURCE
- Original cataloging agency: OSt
- Transcribing agency: OSt
100 ## - HEADING--PERSONAL NAME
- Personal name: Rangwala, S C .
670 ## - SOURCE DATA FOUND
- Source citation: Work cat.: (OSt)1607: Rangwala, S C ., Elements of estimating and costing / , 1995.
